|
|
|
|
| LEADER |
00000nam0a2200000 4500 |
| 001 |
181262 |
| 005 |
20231031171020.0 |
| 035 |
|
|
|a (RuTPU)RU\TPU\book\196494
|
| 090 |
|
|
|a 181262
|
| 100 |
|
|
|a 20100604d1945 km y0rusy50 ca
|
| 101 |
0 |
|
|a eng
|
| 102 |
|
|
|a US
|
| 105 |
|
|
|a a z 000zy
|
| 200 |
1 |
|
|a Atomic Energy in the Coming era
|f D. Dietz
|
| 210 |
|
|
|a New York
|c Dodd Mead Company
|d 1945
|
| 215 |
|
|
|a 181 с.
|c ил.
|
| 610 |
1 |
|
|a атомная энергия
|
| 610 |
1 |
|
|a атомная энергетика
|
| 610 |
1 |
|
|a ядерная техника
|
| 610 |
1 |
|
|a ядерная технология
|
| 610 |
1 |
|
|a прогнозирование
|
| 610 |
1 |
|
|a прогнозы
|
| 610 |
1 |
|
|a английский язык
|
| 675 |
|
|
|a 621.039
|v 3
|
| 700 |
|
1 |
|a Dietz
|b D.
|g David
|
| 801 |
|
1 |
|a RU
|b 63413507
|c 20100604
|
| 801 |
|
2 |
|a RU
|b 63413507
|c 20101012
|g RCR
|
| 942 |
|
|
|c BK
|